[Event "Regionalliga SO 1617"]
[Site "Bayern"]
[Date "2017.04.02"]
[Round "8.4"]
[White "Oberpriller, Johannes"]
[Black "Stoffel, Matthias"]
[Result "1/2-1/2"]
[WhiteElo "1904"]
[BlackElo "1958"]
[PlyCount "149"]
[EventDate "2016.10.16"]
[EventType "team-tourn"]
[EventRounds "9"]
[EventCountry "GER"]
[SourceTitle "EXT 2019"]
[Source "ChessBase"]
[SourceDate "2018.10.10"]
[SourceVersion "1"]
[SourceVersionDate "2018.10.10"]
[SourceQuality "1"]
[WhiteTeam "Landshut"]
[BlackTeam "Bruckmuehl"]
[WhiteTeamCountry "GER"]
[BlackTeamCountry "GER"]

1. d4 Nf6 2. Nf3 g6 3. Bf4 d6 4. e3 Bg7 5. Be2 Nbd7 6. 0-0 0-0 7. h3 b6 8. c4 Bb7 9. Nc3 Ne4 10. Nxe4 Bxe4 11. Nd2 Bb7 12. Bf3 Qc8 13. Bxb7 Qxb7 14. Qf3 c6 15. Rad1 Rac8 16. Bh2 Qa6 17. a3 c5 18. Qe4 Rfe8 19. f4 cxd4 20. exd4 b5 21. cxb5 Qxb5 22. b3 Rc3 23. a4 Qd3 24. Qxd3 Rxd3 25. Nf3 Rxb3 26. Rb1 Rb6 27. a5 Ra6 28. Rb7 Nf6 29. Re1 Nd5 30. Rb5 e6 31. Rxd5 Rb8 32. Rg5 h6 33. Rg3 Rxa5 34. Rd1 Rb2 35. Ne1 Raa2 36. Rc3 a5 37. f5 Re2 38. Rc8+ Kh7 39. fxg6+ Kxg6 40. Bxd6 a4 41. Rc3 Bf6 42. Ra3 Rab2 43. Rxa4 Bh4 44. g3 Bg5 45. Bf4 Bf6 46. Raa1 Bd8 47. Bc1 Rb3 48. Ra3 Rb1 49. Rad3 Bb6 50. Nf3 Ra2 51. Bf4 Rb4 52. R1d2 Rb1+ 53. Kg2 Raa1 54. Ne5+ Kg7 55. Be3 f6 56. Ng4 h5 57. Nh2 Ba5 58. Rc2 Kg6 59. d5 exd5 60. Rxd5 Rb3 61. Bf2 Raa3 62. Nf1 h4 63. gxh4 Bc3 64. h5+ Kf7 65. Rc5 Be5 66. h4 Kg7 67. Rc8 Kh6 68. Rh8+ Kg7 69. Rhc8 Kh6 70. Rh8+ Kg7 71. Rcc8 Bf4 72. Rcg8+ Kf7 73. Rg6 Ra2 74. Rh7+ Ke6 75. Ng3 1/2-1/2

[Event "Regionalliga SO 1617"]
[Site "Bayern"]
[Date "2016.10.16"]
[Round "1.4"]
[White "Hofmann, Juergen2222"]
[Black "Oberpriller, Johannes"]
[Result "1/2-1/2"]
[WhiteElo "2159"]
[BlackElo "1904"]
[PlyCount "83"]
[EventDate "2016.10.16"]
[EventType "team-tourn"]
[EventRounds "9"]
[EventCountry "GER"]
[SourceTitle "EXT 2019"]
[Source "ChessBase"]
[SourceDate "2018.10.10"]
[SourceVersion "1"]
[SourceVersionDate "2018.10.10"]
[SourceQuality "1"]
[WhiteTeam "Graefelfing"]
[BlackTeam "Landshut"]
[WhiteTeamCountry "GER"]
[BlackTeamCountry "GER"]

1. e4 c5 2. Nf3 g6 3. d4 cxd4 4. Nxd4 Bg7 5. Nc3 Nc6 6. Be3 Nf6 7. f3 0-0 8. Qd2 d5 9. 0-0-0 dxe4 10. Nxe4 Nxe4 11. fxe4 Nxd4 12. Bxd4 Bxd4 13. Qxd4 Qxd4 14. Rxd4 Be6 15. Bc4 Bxc4 16. Rxc4 Rfc8 17. Rxc8+ Rxc8 18. Kd2 h5 19. Rf1 Rd8+ 20. Ke3 e5 21. c4 Kf8 22. Rc1 Ke7 23. Rc3 Ke6 24. Ra3 Ra8 25. Ra5 f5 26. g3 b6 27. Ra3 Rc8 28. Rxa7 Rxc4 29. exf5+ Kxf5 30. Rf7+ Ke6 31. Rb7 Rb4 32. b3 Kf5 33. h3 g5 34. Rf7+ Kg6 35. Rb7 Kf5 36. Kf3 g4+ 37. hxg4+ hxg4+ 38. Ke3 Re4+ 39. Kd3 Rd4+ 40. Ke3 Re4+ 41. Kd3 Rd4+ 42. Ke3 1/2-1/2

[Event "Bayernliga U20 1314"]
[Site "Bayern"]
[Date "2014.01.25"]
[Round "4.3"]
[White "Oberpriller, Johannes"]
[Black "Leeb, Simon"]
[Result "0-1"]
[WhiteElo "1904"]
[BlackElo "2093"]
[PlyCount "94"]
[EventDate "2013.11.16"]
[EventType "team-tourn"]
[EventRounds "7"]
[EventCountry "GER"]
[SourceTitle "EXT 2022"]
[Source "ChessBase"]
[SourceDate "2021.10.06"]
[SourceVersion "1"]
[SourceVersionDate "2021.10.06"]
[SourceQuality "1"]
[WhiteTeam "Vaterstetten SC U20"]
[BlackTeam "Muenchen Suedost SK U20"]
[WhiteTeamCountry "GER"]
[BlackTeamCountry "GER"]

1. e4 c5 2. Nc3 Nc6 3. g3 g6 4. Bg2 Bg7 5. Nge2 e6 6. 0-0 d6 7. d3 a6 8. a4 Rb8 9. Qd2 Nge7 10. Nd1 0-0 11. c3 d5 12. f4 e5 13. Nf2 dxe4 14. dxe4 Be6 15. Qxd8 Rfxd8 16. Be3 b6 17. Rad1 Na5 18. b4 Nc4 19. Bc1 cxb4 20. cxb4 Nc6 21. f5 Bd7 22. fxg6 hxg6 23. Nd3 Bg4 24. Bf3 Bxf3 25. Rxf3 Nxb4 26. Bg5 f6 27. Bc1 Rd7 28. Nf2 Rxd1+ 29. Nxd1 Rd8 30. Ndc3 Kf7 31. Kg2 Ke6 32. h3 Nd3 33. Rf1 Nc5 34. Kf3 Rd3+ 35. Kf2 b5 36. axb5 axb5 37. Nxb5 Nxe4+ 38. Kg2 Ne3+ 39. Bxe3 Rxe3 40. Nc7+ Kd7 41. Nd5 Rxe2+ 42. Kf3 Nxg3 43. Kxg3 Ke6 44. Rd1 Bh6 45. Nc7+ Kf5 46. Rf1+ Bf4+ 47. Kf3 Re3+ 0-1

[Event "Bayernliga U20 1314"]
[Site "Bayern"]
[Date "2013.11.30"]
[Round "2.3"]
[White "Oberpriller, Johannes"]
[Black "Moenius, Alexander"]
[Result "1-0"]
[WhiteElo "1904"]
[BlackElo "1850"]
[PlyCount "48"]
[EventDate "2013.11.16"]
[EventType "team-tourn"]
[EventRounds "7"]
[EventCountry "GER"]
[SourceTitle "EXT 2022"]
[Source "ChessBase"]
[SourceDate "2021.10.06"]
[SourceVersion "1"]
[SourceVersionDate "2021.10.06"]
[SourceQuality "1"]
[WhiteTeam "Vaterstetten SC U20"]
[BlackTeam "Hoechstadt SC U20"]
[WhiteTeamCountry "GER"]
[BlackTeamCountry "GER"]

1. d4 c5 2. d5 e5 3. c4 d6 4. Nc3 Ne7 5. e4 Ng6 6. Bd3 Be7 7. Nge2 0-0 8. 0-0 Bg5 9. Bxg5 Qxg5 10. Qc1 Qe7 11. Qd2 Nd7 12. Rae1 Nf6 13. a3 Nh5 14. f3 Nh4 15. g3 Ng6 16. Kh1 Bd7 17. Qe3 a6 18. Ng1 Rab8 19. f4 Nf6 20. f5 Nh8 21. h3 Ne8 22. g4 Nc7 23. Re2 g6 24. f6 Qd8 1-0

[Event "Bayernliga U20 1112"]
[Site "Bayern"]
[Date "2011.12.03"]
[Round "3.2"]
[White "Koelbl, Ines"]
[Black "Oberpriller, Johannes"]
[Result "0-1"]
[WhiteElo "1641"]
[BlackElo "1831"]
[PlyCount "50"]
[EventDate "2011.11.12"]
[EventType "team-swiss"]
[EventRounds "7"]
[EventCountry "GER"]
[SourceTitle "EXT 2022"]
[Source "ChessBase"]
[SourceDate "2021.10.06"]
[SourceVersion "1"]
[SourceVersionDate "2021.10.06"]
[SourceQuality "1"]
[WhiteTeam "Klosterlechfeld U20"]
[BlackTeam "Ergolding FC U20"]
[WhiteTeamCountry "GER"]
[BlackTeamCountry "GER"]

1. d4 d5 2. Nf3 Nf6 3. c4 e6 4. Bg5 Nbd7 5. Nc3 c6 6. e3 h6 7. Bh4 Be7 8. Bd3 0-0 9. 0-0 dxc4 10. Bxc4 b5 11. Bd3 Bb7 12. Rc1 Rc8 13. Nd2 a6 14. Bxf6 Nxf6 15. Nde4 c5 16. dxc5 Bxc5 17. Nxf6+ Qxf6 18. Be4 Qe7 19. Qf3 Bxe4 20. Nxe4 Bb6 21. g3 Qb4 22. b3 Qa3 23. Rxc8 Rxc8 24. Qg4 Qe7 25. Rd1 f5 0-1

[Event "GER-chT U16"]
[Site "Naumburg"]
[Date "2010.12.28"]
[Round "3.2"]
[White "Hinrichs, Lars"]
[Black "Oberpriller, Johannes"]
[Result "1-0"]
[WhiteElo "1805"]
[BlackElo "1801"]
[PlyCount "90"]
[EventDate "2010.12.27"]
[EventType "team-swiss"]
[EventRounds "7"]
[EventCountry "GER"]
[SourceTitle "CBM 140 Extra"]
[Source "ChessBase"]
[SourceDate "2011.03.01"]
[SourceVersion "1"]
[SourceVersionDate "2011.03.01"]
[SourceQuality "1"]
[WhiteTeam "Hamburger SK"]
[BlackTeam "Ergolding"]
[WhiteTeamCountry "GER"]
[BlackTeamCountry "GER"]

1. c4 c5 2. g3 g6 3. Bg2 Bg7 4. Nc3 Nc6 5. a3 e5 6. b4 Nge7 7. bxc5 Qa5 8. Nb5 0-0 9. a4 e4 10. Rb1 a6 11. Nd6 Qxc5 12. Nxe4 Qxc4 13. Ba3 Rd8 14. Nd6 Qe6 15. Nf3 h6 16. 0-0 b5 17. axb5 axb5 18. Nxb5 Qa2 19. Bc5 Nd5 20. Nfd4 Bb7 21. Nd6 Nxd4 22. Bxd4 Bxd4 23. Nxb7 Rdb8 24. d3 Bg7 25. Nc5 Rxb1 26. Qxb1 Qxb1 27. Rxb1 Rc8 28. Nxd7 Ne7 29. d4 Nf5 30. Bh3 Rc7 31. Bxf5 gxf5 32. Rb8+ Kh7 33. Nf8+ Bxf8 34. Rxf8 Kg7 35. Ra8 Rc6 36. Kg2 Kg6 37. Kf3 Kg5 38. Ra5 Kg6 39. h4 Rc2 40. Ra6+ f6 41. Ra1 Rd2 42. Rf1 Kf7 43. Kf4 Ke6 44. f3 Rxe2 45. Ra1 Kf7 1-0

[Event "GER-chT U16"]
[Site "Naumburg"]
[Date "2010.12.27"]
[Round "1.2"]
[White "Scheer, Maximilian"]
[Black "Oberpriller, Johannes"]
[Result "0-1"]
[WhiteElo "1569"]
[BlackElo "1801"]
[PlyCount "58"]
[EventDate "2010.12.27"]
[EventType "team-swiss"]
[EventRounds "7"]
[EventCountry "GER"]
[SourceTitle "CBM 140 Extra"]
[Source "ChessBase"]
[SourceDate "2011.03.01"]
[SourceVersion "1"]
[SourceVersionDate "2011.03.01"]
[SourceQuality "1"]
[WhiteTeam "Lippstadt Turm"]
[BlackTeam "Ergolding"]
[WhiteTeamCountry "GER"]
[BlackTeamCountry "GER"]

1. e4 c5 2. Nc3 g6 3. d3 Bg7 4. Bd2 Nc6 5. f4 d6 6. Nf3 e5 7. fxe5 dxe5 8. Be2 Nge7 9. 0-0 0-0 10. Qc1 f6 11. Kh1 Nd4 12. Nxd4 cxd4 13. Nb5 a6 14. Na3 Be6 15. Bh6 Rc8 16. Bxg7 Kxg7 17. Qd2 b5 18. h4 f5 19. h5 f4 20. g4 Ng8 21. Qd1 Qg5 22. c4 dxc3 23. bxc3 Bxg4 24. Bxg4 Qxg4 25. hxg6 hxg6 26. Qd2 Nf6 27. Rf2 Rh8+ 28. Rh2 Rxh2+ 29. Qxh2 Rh8 0-1

[Event "Niederbayern-ch"]
[Site "Mamming"]
[Date "2010.06.05"]
[Round "5"]
[White "Oberpriller, Johannes"]
[Black "Oberberger, Hans"]
[Result "1-0"]
[WhiteElo "1800"]
[BlackElo "1636"]
[PlyCount "39"]
[EventDate "2010.06.03"]
[EventType "swiss"]
[EventRounds "7"]
[EventCountry "GER"]
[SourceTitle "EXT 2023"]
[Source "ChessBase"]
[SourceDate "2022.10.05"]
[SourceVersion "1"]
[SourceVersionDate "2022.10.05"]
[SourceQuality "1"]

1. d4 Nf6 2. c4 e6 3. Nf3 d5 4. Nc3 Be7 5. Bg5 Nbd7 6. cxd5 Nxd5 7. Bxe7 Nxe7 8. e4 0-0 9. Bd3 c5 10. 0-0 cxd4 11. Nxd4 a6 12. Rc1 Nc5 13. Be2 b6 14. b4 Nd7 15. Qb3 Bb7 16. Rfd1 e5 17. Ne6 fxe6 18. Qxe6+ Rf7 19. Rxd7 Qc8 20. Bc4 1-0

[Event "Niederbayern-ch"]
[Site "Mamming"]
[Date "2010.06.04"]
[Round "3"]
[White "Oberpriller, Johannes"]
[Black "Ertl, Helmut"]
[Result "0-1"]
[WhiteElo "1800"]
[BlackElo "1627"]
[PlyCount "64"]
[EventDate "2010.06.03"]
[EventType "swiss"]
[EventRounds "7"]
[EventCountry "GER"]
[SourceTitle "EXT 2023"]
[Source "ChessBase"]
[SourceDate "2022.10.05"]
[SourceVersion "1"]
[SourceVersionDate "2022.10.05"]
[SourceQuality "1"]

1. d4 d5 2. c4 Nf6 3. cxd5 Nxd5 4. e4 Nf6 5. Nc3 e6 6. Nf3 Be7 7. Be3 Nbd7 8. Be2 0-0 9. 0-0 Re8 10. h3 c5 11. Rc1 b6 12. d5 exd5 13. exd5 Bd6 14. Bc4 Ne5 15. Bb3 Bf5 16. Ne1 a6 17. Bg5 Qd7 18. f4 Ng6 19. g4 Be4 20. Bxf6 gxf6 21. f5 Nf4 22. Nxe4 Rxe4 23. Qf3 Rae8 24. Ng2 Ne2+ 25. Kh1 Nxc1 26. Rxc1 Re2 27. Bc4 Rxb2 28. Qc3 Be5 29. Qf3 b5 30. Bf1 Bd4 31. Rd1 Qd6 32. Qa3 Re3 0-1

[Event "Niederbayern-ch"]
[Site "Mamming"]
[Date "2010.06.03"]
[Round "2"]
[White "Popp, Michael"]
[Black "Oberpriller, Johannes"]
[Result "1-0"]
[WhiteElo "1989"]
[BlackElo "1800"]
[PlyCount "90"]
[EventDate "2010.06.03"]
[EventType "swiss"]
[EventRounds "7"]
[EventCountry "GER"]
[SourceTitle "EXT 2023"]
[Source "ChessBase"]
[SourceDate "2022.10.05"]
[SourceVersion "1"]
[SourceVersionDate "2022.10.05"]
[SourceQuality "1"]

1. Nf3 d5 2. c4 c6 3. e3 Nf6 4. d4 e6 5. Qc2 Bd6 6. b3 0-0 7. Bb2 Nbd7 8. Bd3 Re8 9. Ne5 dxc4 10. bxc4 Qa5+ 11. Bc3 Qc7 12. f4 b6 13. 0-0 Bb7 14. Nxd7 Qxd7 15. e4 Ng4 16. Rf3 g6 17. Rh3 Bxf4 18. Qe2 e5 19. d5 Rad8 20. Na3 Qe7 21. Nc2 Qc5+ 22. Kf1 Nxh2+ 23. Rxh2 Bxh2 24. Ne3 cxd5 25. exd5 e4 26. Bc2 Be5 27. Qd2 Ba6 28. Bb3 b5 29. Ng4 bxc4 30. Ba4 Rxd5 31. Qc2 Bxc3 32. Qxc3 Rf5+ 33. Ke2 Rd8 34. Nh6+ Kf8 35. Nxf5 Qxf5 36. Rf1 Qh5+ 37. Ke1 Qh4+ 38. g3 Qg5 39. Rf4 Bb7 40. Qh8+ Ke7 41. Qc3 Rd6 42. Qb4 Qxg3+ 43. Rf2 e3 44. Qxb7+ Kd8 45. Qb8+ Ke7 1-0

[Event "GER-chT U14"]
[Site "Arendsee"]
[Date "2009.12.29"]
[Round "5.1"]
[White "Mittelstaedt, Joel"]
[Black "Oberpriller, Johannes"]
[Result "0-1"]
[WhiteElo "1626"]
[BlackElo "1735"]
[PlyCount "100"]
[EventDate "2009.12.27"]
[EventType "team-swiss"]
[EventRounds "7"]
[EventCountry "GER"]
[SourceTitle "EXT 2022"]
[Source "ChessBase"]
[SourceDate "2021.10.06"]
[SourceVersion "1"]
[SourceVersionDate "2021.10.06"]
[SourceQuality "1"]
[WhiteTeam "Baumschulenweg U14"]
[BlackTeam "Ergolding FC U14"]
[WhiteTeamCountry "GER"]
[BlackTeamCountry "GER"]

1. b4 e5 2. Bb2 Bxb4 3. Bxe5 Nf6 4. Nc3 Nc6 5. Bxf6 Qxf6 6. Nd5 Qd6 7. Nxb4 Qxb4 8. a3 Qe7 9. c4 b6 10. e3 Bb7 11. Nf3 0-0 12. Be2 f5 13. 0-0 Rae8 14. Re1 Qf6 15. d4 f4 16. d5 Na5 17. Bd3 fxe3 18. fxe3 Ba6 19. Qe2 Nb3 20. Rab1 Nc5 21. Nd4 g6 22. Rf1 Qg7 23. Rbd1 Qe5 24. Rxf8+ Rxf8 25. Re1 Re8 26. Qd2 Nxd3 27. Qxd3 Qxd5 28. Qxg6+ hxg6 29. cxd5 Bc4 30. Rc1 b5 31. Rc3 Re5 32. a4 a6 33. axb5 axb5 34. Nc2 Rxd5 35. Nb4 Rd6 36. Kf2 c5 37. Nc2 Rd3 38. Rxd3 Bxd3 39. Ne1 Be4 40. Ke2 d5 41. Kd2 Kf7 42. Nd3 Bxd3 43. Kxd3 Ke6 44. e4 dxe4+ 45. Kxe4 b4 46. g4 b3 47. Kd3 c4+ 48. Kc3 g5 49. h3 Ke5 50. h4 gxh4 0-1

[Event "GER-chT U14"]
[Site "Arendsee"]
[Date "2009.12.28"]
[Round "4.1"]
[White "Oberpriller, Johannes"]
[Black "Titgemeyer, Sven"]
[Result "0-1"]
[WhiteElo "1735"]
[BlackElo "1907"]
[PlyCount "113"]
[EventDate "2009.12.27"]
[EventType "team-swiss"]
[EventRounds "7"]
[EventCountry "GER"]
[SourceTitle "EXT 2022"]
[Source "ChessBase"]
[SourceDate "2021.10.06"]
[SourceVersion "1"]
[SourceVersionDate "2021.10.06"]
[SourceQuality "1"]
[WhiteTeam "Ergolding FC U14"]
[BlackTeam "Aachen SV U14"]
[WhiteTeamCountry "GER"]
[BlackTeamCountry "GER"]

1. d4 d5 2. Nf3 e6 3. e3 c5 4. b3 Nc6 5. Bb2 Nf6 6. Nbd2 Be7 7. Bd3 0-0 8. 0-0 b6 9. Ne5 Bb7 10. f4 Rc8 11. a3 a6 12. Rf3 Ne4 13. Nxc6 Bxc6 14. Bxa6 Rc7 15. dxc5 Nxc5 16. Rg3 Bf6 17. Bxf6 Qxf6 18. Be2 d4 19. exd4 Qxd4+ 20. Kh1 Rd7 21. Bd3 Qxf4 22. Qe2 Nxd3 23. cxd3 Qd4 24. Rd1 Qb2 25. a4 Bd5 26. Qg4 f5 27. Qb4 e5 28. Rf1 Qc2 29. Nc4 Bxc4 30. Qxc4+ Qxc4 31. dxc4 f4 32. Rc3 e4 33. Kg1 e3 34. Re1 Rd2 35. a5 bxa5 36. c5 Rc8 37. Rc4 g5 38. h4 h6 39. hxg5 hxg5 40. c6 Rd6 41. Rc5 Rg6 42. Rec1 Kh7 43. Rxa5 Rgxc6 44. Re1 Kg6 45. Ra2 Rc1 46. Kf1 Rxe1+ 47. Kxe1 Rc1+ 48. Ke2 Rb1 49. g3 Rg1 50. Ra6+ Kf5 51. gxf4 gxf4 52. b4 Rg2+ 53. Kf1 Rb2 54. Rb6 Kg4 55. b5 Kf3 56. Kg1 Rb1+ 57. Kh2 0-1

[Event "GER-ch Net final U14"]
[Site "Playchess.com INT"]
[Date "2009.06.21"]
[Round "2"]
[White "Oberpriller, Johannes"]
[Black "Mons, Leon"]
[Result "0-1"]
[WhiteElo "1701"]
[BlackElo "2134"]
[PlyCount "56"]
[EventDate "2009.06.21"]
[EventType "swiss (blitz)"]
[EventRounds "7"]
[EventCountry "GER"]
[SourceTitle "CBM 130 Extra"]
[Source "ChessBase"]
[SourceDate "2009.07.02"]
[SourceVersion "2"]
[SourceVersionDate "2009.07.15"]
[SourceQuality "1"]

1. d4 Nf6 2. Nf3 g6 3. e3 Bg7 4. c4 0-0 5. Nc3 d6 6. Bd3 Nbd7 7. 0-0 c5 8. Rb1 b6 9. a3 Bb7 10. b4 Qc8 11. Bb2 cxb4 12. axb4 d5 13. c5 a5 14. bxa5 bxc5 15. dxc5 Nxc5 16. Ne2 Nxd3 17. Qxd3 Ba6 18. Qd2 Ne4 19. Qxd5 Bxe2 20. Bxg7 Kxg7 21. Rfc1 Qf5 22. Qd4+ Nf6 23. Nd2 Qd3 24. Qxd3 Bxd3 25. Rb7 e6 26. Nb3 Rfb8 27. Rcc7 Rxb7 28. Rxb7 Bc4 0-1

[Event "GER-ch Net final U14"]
[Site "Playchess.com INT"]
[Date "2009.06.21"]
[Round "6"]
[White "Oberpriller, Johannes"]
[Black "Stephan, Michael"]
[Result "0-1"]
[WhiteElo "1701"]
[BlackElo "1759"]
[PlyCount "112"]
[EventDate "2009.06.21"]
[EventType "swiss (blitz)"]
[EventRounds "7"]
[EventCountry "GER"]
[SourceTitle "CBM 130 Extra"]
[Source "ChessBase"]
[SourceDate "2009.07.02"]
[SourceVersion "2"]
[SourceVersionDate "2009.07.15"]
[SourceQuality "1"]

1. d4 d5 2. Nf3 Nf6 3. e3 e6 4. Bd3 c5 5. b3 Nc6 6. Bb2 a6 7. Nbd2 b5 8. c3 c4 9. Bc2 Bd6 10. 0-0 0-0 11. a4 Bd7 12. axb5 axb5 13. Qe2 Qb6 14. b4 Qc7 15. h3 Nxb4 16. cxb4 c3 17. Bd3 cxb2 18. Rab1 Qc3 19. Bxb5 Bxb5 20. Qxb5 Rfb8 21. Qe2 Rxb4 22. Ne1 Ne4 23. Nxe4 dxe4 24. Qc2 Qxc2 25. Nxc2 Rb7 26. Rfd1 Rc8 27. Ne1 Ba3 28. Kf1 Rc1 29. Rdxc1 bxc1Q 30. Rxb7 g6 31. Rb8+ Kg7 32. Ke2 Qc4+ 33. Kd1 Qc3 34. Rb1 Bb4 35. Ke2 Qc4+ 36. Kd1 Bxe1 37. Kxe1 Qc3+ 38. Kd1 Qd3+ 39. Kc1 Qf1+ 40. Kb2 Qxf2+ 41. Kc3 Qxe3+ 42. Kc4 Qd3+ 43. Kc5 Qxb1 44. Kd6 Qd3 45. Ke5 Kf8 46. Kf4 Ke7 47. Ke5 f6+ 48. Kf4 Qxd4 49. g4 g5+ 50. Kg3 Qe3+ 51. Kg2 Qe2+ 52. Kg3 Qf3+ 53. Kh2 Qf2+ 54. Kh1 e3 55. h4 e2 56. hxg5 e1Q# 0-1

[Event "GER-ch Net qual3 U18"]
[Site "Playchess.com INT"]
[Date "2009.05.17"]
[Round "5"]
[White "Oberpriller, Johannes"]
[Black "Nonnenmacher, Lars"]
[Result "0-1"]
[WhiteElo "1701"]
[BlackElo "1497"]
[PlyCount "130"]
[EventDate "2009.05.17"]
[EventType "swiss (blitz)"]
[EventRounds "7"]
[EventCountry "GER"]
[SourceTitle "CBM 130 Extra"]
[Source "ChessBase"]
[SourceDate "2009.07.02"]
[SourceVersion "2"]
[SourceVersionDate "2009.07.15"]
[SourceQuality "1"]

1. d4 d5 2. Nf3 Nf6 3. e3 Bf5 4. c4 e6 5. Nc3 c6 6. Nh4 Bg6 7. Nxg6 hxg6 8. c5 Qc7 9. Bd2 Rxh2 10. Rxh2 Qxh2 11. Qb3 Qc7 12. 0-0-0 Nbd7 13. f4 b6 14. Na4 Rb8 15. cxb6 axb6 16. Be2 Ne4 17. g4 c5 18. Kb1 c4 19. Qc2 b5 20. Nc3 Ndf6 21. g5 Nxc3+ 22. Bxc3 Ne4 23. Rh1 b4 24. Bd2 c3 25. Be1 Qa7 26. b3 Ra8 27. Rh8 Kd7 28. Bb5+ Ke7 29. Ba4 Qa6 30. Kc1 Rc8 31. Rh1 Nd6 32. Bg3 Nf5 33. Bf2 Kd8 34. e4 dxe4 35. Qxe4 Ne7 36. d5 Nxd5 37. Rd1 Kc7 38. f5 gxf5 39. Bg3+ Bd6 40. Bxd6+ Qxd6 41. Qc4+ Kb8 42. Qb5+ Ka7 43. Qa5+ Qa6 44. Rxd5 exd5 45. Qxd5 Kb8 46. Qe5+ Rc7 47. Qe8+ Ka7 48. Qe3+ Qb6 49. Qg3 c2 50. g6 fxg6 51. Be8 f4 52. Qe1 Qe3+ 53. Qxe3+ fxe3 54. Bb5 g5 55. Be2 Kb6 56. Bg4 Rc3 57. Be2 Kc5 58. Bg4 Kd4 59. Be2 Ke4 60. Bg4 Kd3 61. Bh5 e2 62. Bxe2+ Kxe2 63. a4 bxa3 64. b4 a2 65. b5 a1Q# 0-1

[Event "GER-ch Net qual2 U14"]
[Site "Playchess.com INT"]
[Date "2009.05.13"]
[Round "5"]
[White "Oberpriller, Johannes"]
[Black "Schmitt, Katrin"]
[Result "1-0"]
[WhiteElo "1701"]
[BlackElo "1658"]
[PlyCount "105"]
[EventDate "2009.05.13"]
[EventType "swiss (blitz)"]
[EventRounds "7"]
[EventCountry "GER"]
[SourceTitle "CBM 130 Extra"]
[Source "ChessBase"]
[SourceDate "2009.07.02"]
[SourceVersion "2"]
[SourceVersionDate "2009.07.15"]
[SourceQuality "1"]

1. d4 d5 2. Nf3 e6 3. e3 Nf6 4. Bd3 Be7 5. b3 0-0 6. Bb2 b6 7. Nbd2 Bb7 8. 0-0 Nbd7 9. Ne5 c5 10. f4 Rc8 11. g4 Nxe5 12. fxe5 Nd7 13. Rf3 Re8 14. Rh3 Nf8 15. Qf1 Ng6 16. Qf2 cxd4 17. exd4 Bg5 18. Rf1 Qe7 19. Nf3 Bf4 20. Ne1 Qg5 21. Ng2 Qxg4 22. Bxg6 hxg6 23. Rh4 Qg5 24. Rxf4 Ba6 25. Re1 Re7 26. Re3 Qh5 27. Ref3 Rcc7 28. Rh4 Qg5 29. Rg3 Qf5 30. Qxf5 gxf5 31. c3 g6 32. Rf4 Kg7 33. Rf2 b5 34. Ne3 Bb7 35. Nc2 a6 36. h4 Kf8 37. Ba3 Ke8 38. Bxe7 Kxe7 39. Rh2 a5 40. a3 Ba6 41. h5 gxh5 42. Rxh5 Kd7 43. Rh7 Kc6 44. Kf2 a4 45. Nb4+ Kb6 46. Nxa6 Kxa6 47. bxa4 bxa4 48. Ke2 Kb5 49. Kd2 Kc4 50. Kc2 Rb7 51. Rh1 Rb3 52. Rb1 Rxa3 53. Rb4# 1-0

[Event "GER-ch Net qual2 U14"]
[Site "Playchess.com INT"]
[Date "2009.05.13"]
[Round "6"]
[White "Schroeder, Jan Christian"]
[Black "Oberpriller, Johannes"]
[Result "0-1"]
[WhiteElo "1811"]
[BlackElo "1701"]
[PlyCount "142"]
[EventDate "2009.05.13"]
[EventType "swiss (blitz)"]
[EventRounds "7"]
[EventCountry "GER"]
[SourceTitle "CBM 130 Extra"]
[Source "ChessBase"]
[SourceDate "2009.07.02"]
[SourceVersion "2"]
[SourceVersionDate "2009.07.15"]
[SourceQuality "1"]

1. e4 e6 2. d4 d5 3. e5 c5 4. c3 Nc6 5. Nf3 Qb6 6. a3 Bd7 7. Be2 cxd4 8. cxd4 Nge7 9. b4 Nf5 10. Bb2 a5 11. b5 Na7 12. a4 Bb4+ 13. Bc3 Bxc3+ 14. Nxc3 Rc8 15. Rc1 0-0 16. g4 Ne7 17. Bd3 h6 18. g5 h5 19. Bb1 g6 20. Nh4 Rc4 21. Nf3 Rfc8 22. Qd3 Nf5 23. Ba2 Rb4 24. Rd1 Rb2 25. 0-0 Qd8 26. Bb1 Rb3 27. Rc1 Qe7 28. Nxd5 exd5 29. Qxb3 Ng7 30. Rxc8+ Nxc8 31. h4 Be6 32. Rc1 Nb6 33. Bd3 Nf5 34. Bxf5 gxf5 35. Rc5 Nc4 36. Qc3 b6 37. Rc6 Bd7 38. Rf6 Be6 39. Nd2 Qb4 40. Qxb4 axb4 41. Nxc4 dxc4 42. a5 c3 43. g6 c2 44. gxf7+ Bxf7 45. Rc6 b3 46. axb6 b2 47. b7 b1Q+ 48. Kg2 Qxb5 49. Rc8+ Kg7 50. b8Q Qxb8 51. Rxb8 c1Q 52. Rb6 Qf4 53. Rf6 Qxh4 54. Rxf5 Qg4+ 55. Kf1 Qxf5 56. Ke2 Qe4+ 57. Kf1 Qxd4 58. Kg2 Qxe5 59. Kf3 Qf5+ 60. Kg2 Kg6 61. Kf1 Kg5 62. Kg1 Kg4 63. Kf1 Qf3 64. Kg1 Qd1+ 65. Kh2 Qf1 66. f3+ Qxf3 67. Kg1 Qe3+ 68. Kf1 Bc4+ 69. Kg2 Qf3+ 70. Kh2 Qf2+ 71. Kh1 Bd5# 0-1

[Event "GER-ch Net qual1 U14"]
[Site "Playchess.com INT"]
[Date "2009.05.10"]
[Round "4"]
[White "Oberpriller, Johannes"]
[Black "Oehne, Timo"]
[Result "1-0"]
[WhiteElo "1701"]
[BlackElo "1677"]
[PlyCount "93"]
[EventDate "2009.05.10"]
[EventType "swiss (blitz)"]
[EventRounds "7"]
[EventCountry "GER"]
[SourceTitle "CBM 130 Extra"]
[Source "ChessBase"]
[SourceDate "2009.07.02"]
[SourceVersion "2"]
[SourceVersionDate "2009.07.15"]
[SourceQuality "1"]

1. d4 d5 2. Nf3 Bg4 3. Ne5 Be6 4. e3 f6 5. Nf3 Bf7 6. Bd3 c5 7. b3 Nc6 8. Bb2 e6 9. 0-0 Bd6 10. Nbd2 Nge7 11. Rc1 b6 12. c4 0-0 13. Qc2 f5 14. a3 g6 15. dxc5 bxc5 16. cxd5 Nxd5 17. Nc4 Bc7 18. Rfd1 g5 19. e4 Nf4 20. exf5 Nxd3 21. Rxd3 Qe7 22. f6 Qe8 23. Nxg5 Bg6 24. f7+ Bxf7 25. Nxf7 Qxf7 26. Rf3 Qh5 27. Qe4 Qxh2+ 28. Kf1 Rxf3 29. Qxf3 Rf8 30. Qxc6 Bg3 31. Qxe6+ Rf7 32. Qe8+ Rf8 33. Qe6+ Rf7 34. Rd1 Qh1+ 35. Ke2 Qh5+ 36. f3 Bc7 37. Rd5 Qh2 38. Rg5+ Kf8 39. Qc8+ Ke7 40. Be5 Bxe5 41. Rxe5+ Kf6 42. Rf5+ Kg7 43. Rxf7+ Kxf7 44. Qf5+ Kg8 45. Qe6+ Kg7 46. Qe5+ Kg8 47. Qxh2 1-0